| 000 | 00803nam a2200217Ia 4500 | ||
|---|---|---|---|
| 001 | 15411 | ||
| 003 | GE_BSU | ||
| 008 | 181216s||||||||xx |||||||||||||| ||und|| | ||
| 040 | _cGE_BSU | ||
| 080 | _a821.353.1-11 | ||
| 100 | _aფირცხალაიშვილი,კალისტრატე | ||
| 245 | _aიაილების ცრემლები | ||
| 245 | _bპოემა აჭარისტანის ცხოვრებიდან | ||
| 260 | _aტფილისი | ||
| 260 | _bტექნიკა და შრომა | ||
| 260 | _c1934 | ||
| 300 | _a29გვ.სურ.17სმ. | ||
| 653 | _aიაილების ცრემლები | ||
| 653 | _aპოემა აჭარისტანის ცხოვრებიდან | ||
| 942 | _cBK | ||
| 999 |
_c48514 _d48514 |
||